मायाबाजार (Record no. 1082237)

MARC details
000 -LEADER
fixed length control field 00637nam a2200205Ia 4500
008 - FIXED-LENGTH DATA ELEMENTS--GENERAL INFORMATION
fixed length control field 151119s9999||||xx |||||||||||||| ||und||
082 ## - DEWEY DECIMAL CLASSIFICATION NUMBER
Classification number 927.915
082 ## - DEWEY DECIMAL CLASSIFICATION NUMBER
Item number GKKV29891
100 ## - MAIN ENTRY--PERSONAL NAME
Personal name "वडनेरकर, प्रीती"
245 ## - TITLE STATEMENT
Title मायाबाजार
260 ## - PUBLICATION, DISTRIBUTION, ETC. (IMPRINT)
Place of publication, distribution, etc पुणे
260 ## - PUBLICATION, DISTRIBUTION, ETC. (IMPRINT)
Name of publisher, distributor, etc श्री विद्या प्रकाशन
260 ## - PUBLICATION, DISTRIBUTION, ETC. (IMPRINT)
Date of publication, distribution, etc 2009
300 ## - PHYSICAL DESCRIPTION
Extent 257p.
600 ## - SUBJECT ADDED ENTRY--PERSONAL NAME
Personal name "वडनेरकर, प्रीती"
630 ## - SUBJECT ADDED ENTRY--UNIFORM TITLE
Uniform title मायाबाजार
700 ## - ADDED ENTRY--PERSONAL NAME
Personal name "वडनेरकर, प्रीती"
730 ## - ADDED ENTRY--UNIFORM TITLE
Uniform title मायाबाजार
942 ## - ADDED ENTRY ELEMENTS (KOHA)
Koha item type Book
Holdings
Withdrawn status Lost status Damaged status Not for loan Home library Current library Date acquired Cost, normal purchase price Total Checkouts Full call number Barcode Date last seen Cost, replacement price Price effective from Koha item type
        G.K. Khandekar Vachanalaya, Mulund G.K. Khandekar Vachanalaya, Mulund 05/31/2010 0.00   GKKV29891 GKKV29891 11/19/2015 0.00 11/19/2015 Book